000 00652nam a22002297a 4500
003 UA-OsUOA
001 124293
007 ta
008 20170807b un ||||| |||| 00| 0 ukr d
090 _a34:343.21(094.4)
_bУ26
942 _cBK
040 _aUA-OsUOA
_brus
_cUA-OsUOA
_dUA-OsUOA
245 _aУголовный кодекс Республики Молдова
_cнауч. ред А. И. Лукашова
300 _a408 с.
955 _a1
041 _arus
080 _a34:343.21(094.4)
020 _a5-94201-158-3
260 _aСПб
_bПресс
_c2003
650 7 _a34 Право. Юриспруденція
_2UDC
999 _c411438
_d411438